Normal view
MARC view
- Schlondorff Volker
Entry Personal Name
001 - CONTROL NUMBER
- control field: 42843
003 - CONTROL NUMBER IDENTIFIER
- control field: IT-RoPau
005 - DATE AND TIME OF LATEST TRANSACTION
- control field: 20151127092712.0
008 - FIXED-LENGTH DATA ELEMENTS
- fixed length control field: 151127|| aca||aabn | a|a d
040 ## - CATALOGING SOURCE
- Original cataloging agency: IT-RoPau
- Transcribing agency: IT-RoPau
100 ## - HEADING--PERSONAL NAME
- Personal name: Schlondorff Volker
- Relator term: (regista)
- Miscellaneous information: Codice regista SPICS: 11222
670 ## - SOURCE DATA FOUND
- Source citation: Work cat.: (IT-RoPau)105693: Schlondorff Volker Codice regista SPICS: 11222 42840, TAMBURO DI LATTA (IL) TAMBURO DI LATTA (IL) (Rif. Codice opera principale : 26220)